Torschützenliste der UEFA Champions League - Sudden Death - Statistiken

Allgemein
  • Dieses Quiz wurde 693 mal gespielt
    152 seit der letzten Aktualisierung
  • Das Durchschnittsergebnis liegt bei 5 aus 22
Answers on the Grid
Answers color-coded by a green-red scale on the quiz's grid according to % correct below.
Cristiano Ronaldo
Lionel Messi
Robert Lewandowski
Karim Benzema
Raúl
Ruud van Nistelrooy
Thomas Müller
Kylian Mbappé
Thierry Henry
Erling Haaland
Alfredo Di Stéfano
Andriy Shevchenko
Zlatan Ibrahimović
Mohamed Salah
Eusebio
Filippo Inzaghi
Didier Drogba
Neymar
Alessandro Del Piero
Antoine Griezmann
Sergio Agüero
Harry Kane
Ferenc Puskás
Edinson Cavani
Gerd Müller
Fernando Morientes
Arjen Robben
Samuel Eto'o
Wayne Rooney
Kaká
Francisco Gento
David Trezeguet
Roy Makaay
Patrick Kluivert
Edin Džeko
Álvaro Morata
Jean-Pierre Papin
Vinícius Júnior
Ryan Giggs
Sadio Mané
Luis Suárez
Rivaldo
 
Antwortstatistiken
Antwort % Korrekt
Cristiano Ronaldo
58%
Lionel Messi
57%
Robert Lewandowski
52%
Karim Benzema
43%
Raúl
33%
Kylian Mbappé
32%
Thomas Müller
31%
Harry Kane
27%
Erling Haaland
25%
Thierry Henry
23%
Mohamed Salah
20%
Zlatan Ibrahimović
20%
Antoine Griezmann
14%
Neymar
12%
Ruud van Nistelrooy
11%
Andriy Shevchenko
10%
Didier Drogba
10%
Sergio Agüero
5%
Eusebio
4%
Filippo Inzaghi
4%
Alessandro Del Piero
2%
Alfredo Di Stéfano
2%
Keine übereinstimmenden Quizze gefunden
Verteilung der Resultate
Anzahl Personen mit jedem Resultat
Perzentil nach korrekt beantworteten Fragen
Ihre Resultats-Entwicklung
Sie haben dieses Quiz seit der letzten Aktualisierung nicht gespielt